[Event "Amager-ch"]
[Site "Amager"]
[Date "2010.10.05"]
[Round "6"]
[White "Petersen, Nils"]
[Black "Justesen, Martin"]
[Result "1-0"]
[WhiteElo "2039"]
[BlackElo "1586"]
[PlyCount "35"]
[EventDate "2010.08.24"]
[EventType "swiss"]
[EventRounds "7"]
[EventCountry "DEN"]
[SourceTitle "EXT 2023"]
[Source "ChessBase"]
[SourceDate "2022.10.05"]
[SourceVersion "1"]
[SourceVersionDate "2022.10.05"]
[SourceQuality "1"]

1. c4 e5 2. g3 Nf6 3. Bg2 Nc6 4. Nc3 Bc5 5. e3 d6 6. Nge2 Be6 7. d4 exd4 8. exd4 Nxd4 9. Nxd4 Bxc4 10. Qa4+ b5 11. Ncxb5 Qe7+ 12. Be3 d5 13. Nf5 Qe5 14. Nbd6+ Kf8 15. Nxc4 dxc4 16. Bxa8 c3 17. Qb5 Ne4 18. Qb8+ 1-0

[Event "Amager-ch"]
[Site "Amager"]
[Date "2010.09.28"]
[Round "5"]
[White "Lunding, Peter M"]
[Black "Petersen, Nils"]
[Result "1/2-1/2"]
[WhiteElo "1915"]
[BlackElo "2039"]
[PlyCount "27"]
[EventDate "2010.08.24"]
[EventType "swiss"]
[EventRounds "7"]
[EventCountry "DEN"]
[SourceTitle "EXT 2023"]
[Source "ChessBase"]
[SourceDate "2022.10.05"]
[SourceVersion "1"]
[SourceVersionDate "2022.10.05"]
[SourceQuality "1"]

1. d4 Nf6 2. Nf3 e6 3. Bg5 h6 4. Bh4 c5 5. e3 b6 6. Bd3 Bb7 7. Nbd2 Be7 8. c3 d5 9. Ne5 Nfd7 10. Bxe7 Qxe7 11. Nxd7 Nxd7 12. 0-0 0-0 13. f4 f5 14. Nf3 1/2-1/2